[Event "Turin op"]
[Site "Turin"]
[Date "2002.11.21"]
[Round "4"]
[White "Chille, Pasquale"]
[Black "Fassio, Luca"]
[Result "1-0"]
[WhiteElo "1807"]
[BlackElo "2194"]
[PlyCount "96"]
[EventDate "2002.11.24"]
[EventType "swiss"]
[EventRounds "7"]
[EventCountry "ITA"]
[SourceTitle "CBM 091 Extra"]
[Source "ChessBase"]
[SourceDate "2003.01.09"]
[SourceVersion "1"]
[SourceVersionDate "2003.01.09"]
[SourceQuality "1"]

1. e4 g6 2. Nf3 Bg7 3. d4 d6 4. Be3 Nf6 5. Nbd2 0-0 6. Be2 Nbd7 7. 0-0 c5 8. c3 b6 9. dxc5 bxc5 10. h3 Qc7 11. Qc2 a5 12. Rfd1 Bb7 13. Bd3 Bc6 14. Bf4 Qb7 15. Rab1 Rfb8 16. Re1 e5 17. Bh2 a4 18. Nc4 Bf8 19. Nfd2 Nh5 20. Re3 Qc7 21. Be2 Ng7 22. f4 Re8 23. fxe5 dxe5 24. Rf1 Ne6 25. Bg4 Bg7 26. Bxe6 Rxe6 27. Ref3 Rf8 28. R3f2 Bb5 29. Rd1 Nb6 30. Nxb6 Qxb6 31. c4 Bc6 32. Rdf1 f6 33. Nb1 Bh6 34. Re2 Qb4 35. Qd3 Qb7 36. Nc3 Kg7 37. Nd5 Bxd5 38. cxd5 Rb6 39. Qc3 Qc7 40. Ref2 Bg5 41. Bxe5 fxe5 42. Rxf8 Bf6 43. Re8 Qd7 44. Qxc5 Qxe8 45. Qxb6 Bg5 46. d6 Kh6 47. Qc5 Qe6 48. Qd5 Qe8 1-0